000 00523nam a2200157Ia 4500
005 20250516143606.0
008 231217s9999 xx 000 0 und d
020 _a9780126565614
082 _a001.64404 SPE;1 R
100 _aSpeed, Timothy. Ellis, Junanita. Korper, Steffano.
245 0 _aPersonal internet security guide book : keeping hackers and crackers out of your home
260 _c2002
_bAcademic Press
_aLondon
300 _axxiv, 202
650 _aPersonal,keeping,hackers,crackers,out,home
942 _cAA
999 _c190755
_d190755